Utilización intensiva de pasturas /

Guardado en:
Autor Principal: James, B. J. F.
Formato: Libro
Publicado: Argentina : Hemisferio Sur, 1974
Materias:
Etiquetas: Agregar Etiqueta
Sin Etiquetas, Sea el primero en etiquetar este registro!
LEADER 00651nam a22002175a 4500
001 CEM.cems003445
008 130507s1974##################000#0#####d
005 20210826185155.0
003 CEMS
245 1 0 |a Utilización intensiva de pasturas /  |c B. J. F. James 
260 |a Argentina :  |b Hemisferio Sur,  |c 1974 
300 |a 198 p. 
100 1 |a James, B. J. F. 
082 0 4 |a 636.085 
653 |a Forrajes 
653 |a Ganaderia 
653 |a Ganado-alimentacion 
653 |a Nutricion animal 
653 |a Pastoreo 
859 |a CEMS  |b BIB. CEMS - Agricultura  |h 636.085  |i J231  |p A7163.79  |t Ej.1 
859 |a CEMS  |b BIB. CEMS - Agricultura  |h 636.085  |i J231  |p A11517.82  |t Ej.2